| 000 | 00428nam a2200193Ia 4500 | ||
|---|---|---|---|
| 005 | 20240823035359.0 | ||
| 008 | 240823s9999||||xx |||||||||||||| ||und|| | ||
| 020 | _a978-93-80480-29-9 | ||
| 041 | _aENGLISH | ||
| 082 | _A813.6 Q0 | ||
| 100 | _aScott Blum | ||
| 245 | 0 | _aSummers Path | |
| 250 | _a1st | ||
| 260 |
_c2010 _bHay House |
||
| 500 | _aYES | ||
| 650 |
_aSummers Path _bGeneral |
||
| 942 | _cBK | ||
| 999 |
_c200548 _d200548 |
||